000 00307cam a2200133ua 4500
041 _amal
_h
082 _a894.812308
_bANN/AN
100 _aAnnie, Thayyil .
245 _aAnna Karenena, Part 1 /
_cAnnie Thayyil.
_hTextual Documents
300 _a356 ; .
504 _a
942 _cBK
999 _c4923
_d4923